000 00617nam a2200181Ia 4500
008 100920s9999 xx 000 0 und d
082 _b27771
_a891.464 थ 74
100 _aकाणे कृ. पां.
245 _aन सुटलेली कोडी !.
260 _bकिरण प्रकाशन, तापडिया नगर, अकोला.
_c1974
300 _a152
_bसाधी
365 _b6
520 _aनिबंध.
630 _aन सुटलेली कोडी !.
650 _aनिबंध.
730 _aन सुटलेली कोडी !.
942 _cBOOK
999 _c684435
_d684432